|
|
|
|
| LEADER |
00000nam a2200000Ia 4500 |
| 008 |
160128b2005 cr ||||| |||| 00| | spa d |
| 020 |
|
|
|a 996880634X
|
| 090 |
|
|
|a 16.01.01
|b 292
|
| 110 |
2 |
|
|a Programa Estado de la Nación en Desarrollo Humano Sostenible
|9 1382
|
| 245 |
1 |
0 |
|a Estado de la Educación Costarricense
|
| 260 |
|
|
|a San José, Costa Rica :
|b Consejo Nacional de Rectores,
|c 2005 -
|
| 300 |
|
|
|a volumenes
|
| 500 |
|
|
|a La Unidad posee informe de 2005, 2008, 2011, resumen 2011, 2015, resumen 2015
|
| 650 |
1 |
4 |
|a EDUCACIÓN
|9 1
|
| 650 |
1 |
4 |
|a EDUCACIÓN PRIMARIA
|9 367
|
| 650 |
1 |
4 |
|a EDUCACIÓN SECUNDARIA
|9 456
|
| 650 |
1 |
4 |
|a EDUCACIÓN PREESCOLAR
|9 455
|
| 650 |
1 |
4 |
|a POLÍTICA EDUCATIVA
|9 451
|
| 650 |
1 |
4 |
|9 8
|a EDUCACIÓN SUPERIOR
|
| 651 |
|
4 |
|a COSTA RICA
|9 47
|
| 942 |
|
|
|i 001320 ,001969 ,002750 ,002749 ,002382,004078,004079,004133,004134,004354,004381,004610
|h 16.01.01 292
|2 z
|c 01
|
| 999 |
|
|
|c 881
|d 881
|